Les lieux importants de la Révolution de 1789 - Statistiques

Statistiques générales
  • Ce quiz a été pris 46 fois
  • Le résultat moyen est 8 sur 25
Statistiques - réponses
Par images Hint Réponse % Correct
Cathédrale Notre-Dame
100%
Place de la Concorde
87%
Hôtel des Invalides
76%
Forteresse de la Bastille
64%
Palais des Tuileries
53%
Place Vendôme
49%
Palais du Luxembourg
47%
Palais de la Conciergerie
38%
Palais du Louvre
38%
Faubourg St {Antoine}
31%
Esplanade du Champs de Mars
29%
Couvent des Jacobins
20%
Place de la Nation
20%
Place du Carrousel
18%
Résidence princière Palais Royal
16%
Tribunal Révolutionnaire
16%
Tour du Temple
16%
Couvent des Cordeliers
13%
Paris Hôtel de ville
13%
Café Procope
13%
Prison de la Force
9%
Cimetière de la Madeleine
4%
Prison des Carmes
2%
Château de Vizille
2%
Couvent des Feuillants
0%
Aucun quiz correspondant
Distribution des résultats
% des personnes avec chaque résultat
Percentile par nombre de réponses
Votre historique - résultats
Vous n’avez pas pris ce quiz